FILMS GHIBLIS - Statistiques

Statistiques générales
  • Ce quiz a été pris 228 fois
  • Le résultat moyen est 14 sur 16
Statistiques - réponses
Par images Hint Réponse % Correct
« Aujourd’hui, cette petite si laide et si jolie n’est ni humaine ni louve. » princesse mononoké
100%
« J'abandonne. Je ne vois pas l'intérêt de vivre si je ne peux pas être belle. » le chateau ambulant
98%
"Tout le monde, essayez de rire. Alors tout ce qui vous fait peur s'en ira !" mon voisin totoro
98%
"il est moche ton poisson rouge" Ponyo sur la falaise
98%
"pourquoi les lucioles meurent-elles si vite?" le tombeau des lucioles
97%
"Une sorcière qui ne s'entend pas avec les corbeaux, on aura tout vu !" Kiki la petite sorcière
96%
"Laputa ne mourra pas. Elle renaîtra de ses cendres. Sa puissance alimente les rêves de l’humanité." le chateau dans le ciel
94%
"Mais c'est impossible, le prince est un chat !" le royaume des chats
93%
"Un héron cendré m'a dit un jour que tous les hérons cendrés étaient des menteurs." le garçon et le héron
92%
"Adieu jours de débauche et de liberté entre les îles enchanteresses" porco rosso
90%
"À mon arrivée, j'ai rencontré une jeune petite personne dont Maman m'avait parlé." arrietty
86%
"Le vent se lève, il faut tenter de vivre." le vent se lève
86%
"Alors, Anna, je t'en pries.. dis moi que tu me pardonne." Souvenirs de Marnie
81%
"Quand l’homme rompt l’équilibre du monde, la forêt fait d’énormes sacrifices pour rétablir cet équilibre" nausicaa de la vallée du vent
78%
" Epargne moi ton arrogance enchanteur de malheur" les contes de terremer
61%
"country road" si tu tends l'oreille
60%
Aucun quiz correspondant
Distribution des résultats
% des personnes avec chaque résultat
Percentile par nombre de réponses
Votre historique - résultats
Vous n’avez pas pris ce quiz